=LDR 00000nam 2200000 4500 =001 INLIS000000000002739 =005 20130612091048 =008 ***********************************Ind** =035 ##$$0010-061300000002739 =041 ##$$a Ind =082 ##$$a 811 =090 ##$$a 811, Pra m =100 ##$$a Prasetyo, Arif B =245 ##$$a Mahasukka, Arif B.Prasetyo =260 ##$$a 2000 $b Magelang =300 ##$$a ix,82 hlm, 21 cm =650 ##$$a Puisi Indonesia =850 ##$$a NBPNMAT